000 00562nam a22002177a 4500
003 UA-OsUOA
001 38484
007 ta
008 20060511b un ||||| |||| 00| 0 ukr d
100 _aЗанько Миколи
090 _a82
_bЗ11
942 _cSA
040 _aUA-OsUOA
_bukr
_cUA-OsUOA
_dUA-OsUOA
245 _aНехай святиться ім'я твоє, ненько
300 _a1 с.
955 _a0
041 _aukr
080 _a82
773 0 _w38483
650 7 _a82 Література. Літературознавство
_2UDC
999 _c324639
_d324639